Southville International School and Colleges
Your cart is empty.
  • Cart
  • Lists
    Public lists Eva Luna New books Lux_list list_1
    Your lists Log in to create your own lists
  • Log in to your account
  • Your cookies
  • Search history
Southville International School and Colleges
  • Advanced search
  • Recent comments
  • Most popular
  • Libraries

Log in to your account

Log in with GOOGLE


If you do not have an external account, but do have a local account, you can still log in:

  1. Home
  2. MARC view: Paperboy (The) /
Normal view MARC view ISBD view

Paperboy (The) / (Record no. 104302)

[ view plain ]
MARC details
000 -LEADER
fixed length control field 00526nam a2200181 a 4500
005 - DATE AND TIME OF LATEST TRANSACTION
control field 20140412111318.0
008 - FIXED-LENGTH DATA ELEMENTS--GENERAL INFORMATION
fixed length control field 000821s19uu xx 00 eng d
020 ## - INTERNATIONAL STANDARD BOOK NUMBER
International Standard Book Number 0-590-10641-4
050 ## - LIBRARY OF CONGRESS CALL NUMBER
Classification number TR(PS E
Item number Pa11 1997
100 ## - MAIN ENTRY--PERSONAL NAME
Personal name Pilkey, Dav
245 ## - TITLE STATEMENT
Title Paperboy (The) /
Statement of responsibility, etc story and paintings by Dav Pilkey.
260 ## - PUBLICATION, DISTRIBUTION, ETC. (IMPRINT)
Place of publication, distribution, etc New York :
Name of publisher, distributor, etc Scholastic Inc,
Date of publication, distribution, etc 1997.
300 ## - PHYSICAL DESCRIPTION
Extent 1 v. (unp.) ; ill.
500 ## - GENERAL NOTE
General note "Caldecott Honor Book"
650 ## - SUBJECT ADDED ENTRY--TOPICAL TERM
Topical term or geographic name as entry element Children stories-Fiction
650 ## - SUBJECT ADDED ENTRY--TOPICAL TERM
Topical term or geographic name as entry element Newspaperboy-Fiction
Holdings
Withdrawn status Lost status Damaged status Use restrictions Home library Current library Shelving location Date acquired Source of acquisition Total Checkouts Full call number Barcode Date last seen Price effective from Koha item type
        Elizalde Library Elizalde Library Teachers Reference Section 08/21/2000     TR(PS E Pa11 1997 E7325 04/12/2014 04/12/2014 Books

Paperboy (The) /

APA

Pilkey D., . (1997). Paperboy (The). New York: Scholastic Inc.

Chicago

Pilkey Dav, . 1997. Paperboy (The). New York: Scholastic Inc.

Harvard

Pilkey D., . (1997). Paperboy (The). New York: Scholastic Inc.

MLA

Pilkey Dav, . Paperboy (The). New York: Scholastic Inc. 1997.

  • Place hold
  • Print
  • Cite
  • Add to your cart (remove)
  • Save record
    BIBTEX Dublin Core MARCXML MARC (non-Unicode/MARC-8) MARC (Unicode/UTF-8) MARC (Unicode/UTF-8, Standard) MODS (XML) RIS
  • More searches
    Search for this title in:
    Other Libraries (WorldCat) Other Databases (Google Scholar) Online Stores (Bookfinder.com) Open Library (openlibrary.org)

Exporting to Dublin Core...

SOUTHVILLE LIBRARY

Southville International School and Colleges Library

1281 Tropical Ave. Cor. Luxembourg St., BF Homes International, Las Pinas City

Tel. No. 8256374 / 252358 Loc. 117/146

Powered by Koha